000 01848cam a2200529 i 4500
001 7621
003 KOSZ 005
005 20250815064009.0
008 250814s1973 pl a f f 000 0 pol
015 _aPB 1973/4438
035 _a991033523299705066
035 _a(PL-WaBN)b18976050-48omnis_nlop
035 _ab18976050
035 _a(OCoLC)749288499
035 _a(PL)b0000001897605
035 _a(EXLNZ-48OMNIS_NETWORK)9910111396405606
040 _aWA N
_cWA N
_dKOSZ 005/EC
_dKOSZ 005/RW
041 1 _apol
_hrus
046 _k1970
080 _a53
080 _a(075.8)
080 _a(076)
100 1 _aNovodvorskaâ, Elizaveta Markovna
_eAutor
245 1 0 _aMetodyka rozwiązywania zadań z fizyki /
_cE. M. Nowodworska ; [z języka rosyjskiego tłumaczyli Zbigniew Rek, Janusz Kempa].
246 1 _iTytuł oryginału:
_aMetodika provedeniâ upražnenij po fizike
250 _aWydanie I.
260 _aWarszawa :
_bPaństwowe Wydawnictwo Naukowe,
_c1973.
300 _a331, [2] stron :
_bilustracje ;
_c21 cm.
336 _aTekst
_btxt
_2rdacontent
337 _aBez urządzenia pośredniczącego
_bn
_2rdamedia
338 _aWolumin
_bnc
_2rdacarrier
380 _aKsiążki
380 _aPublikacje dydaktyczne
380 _aPublikacje naukowe
385 _mPoziom nauczania
_aSzkoły wyższe
388 1 _a1901-2000
388 1 _a1945-1989
650 7 _aFizyka
_2DBN
655 7 _aĆwiczenia i zadania dla szkół wyższych
_2DBN
658 _aFizyka i astronomia
700 1 _aKempa, Janusz
_eTłumaczenie
700 1 _aRek, Zbigniew
_eTłumaczenie
710 2 _aPaństwowe Wydawnictwo Naukowe
_4pbl
856 _uhttp://koha.tu.koszalin.pl/cgi-bin/koha/opac-detail.pl?biblionumber=7621
_yKatalog online BPK
942 _2UKD
_cKS
999 _c7621
_d7621